| 000 | 00377nam a2200157 a 4500 | ||
|---|---|---|---|
| 005 | 20140414093848.0 | ||
| 008 | 110308s19uu xx 00 eng d | ||
| 020 | _a0764129309 | ||
| 050 |
_aCD 448 _bPRO 2005 |
||
| 245 | _aPronouce it perfectly in french. | ||
| 250 | _a2nd ed | ||
| 260 |
_aUSA : _bBarron's, _c2005. |
||
| 650 | _aFrench | ||
| 942 | _cAVM | ||
| 999 |
_c109729 _d109729 |
||